[Event "Elitserien(SodraSASS-Wasa)"]
[Site "?"]
[Date "2005.??.??"]
[Round "7"]
[White "Hellborg, Teodor"]
[Black "Furhoff, Johan"]
[Result "1/2-1/2"]
[WhiteElo "2370"]
[BlackElo "2404"]
[PlyCount "128"]

1. d4 d5 2. c4 c6 3. Nc3 Nf6 4. e3 g6 5. Nf3 Bg7 6. Bd3 O-O 7. h3 Nbd7 8. O-O
dxc4 9. Bxc4 c5 10. Bb3 a6 11. a4 Qc7 12. d5 Rb8 13. e4 b5 14. axb5 axb5 15.
Bg5 c4 16. Bc2 b4 17. Ne2 e5 18. Qd2 Qd6 19. Rfc1 c3 20. bxc3 b3 21. Bxb3 Rxb3
22. Qc2 Rb8 23. c4 Nc5 24. Nd2 Bd7 25. Be3 Rfc8 26. Ra5 Nh5 27. Qc3 f5 28. f3
Nf6 29. Qc2 Bf8 30. Nc3 f4 31. Bf2 Be7 32. Nb5 Bxb5 33. Rxb5 Nfd7 34. Rcb1 Rxb5
35. cxb5 Nb6 36. Nc4 Nxc4 37. Qxc4 Bd8 38. b6 Bxb6 39. Rxb6 Qxb6 40. d6+ Kg7
41. d7 Rd8 42. Bxc5 Qf6 43. Qd5 g5 44. Bb4 Qb6+ 45. Bc5 Qc7 46. Bd6 Qxd7 47.
Qxe5+ Kg6 48. Bc5 Re8 49. Qc3 Qe6 50. Qd4 Rc8 51. Kh2 h6 52. e5 Qc6 53. Qd3+
Kh5 54. Bd6 Qc2 55. Qxc2 Rxc2 56. e6 Re2 57. e7 Re1 58. Bb4 Re2 59. Kg1 Kg6 60.
Kf1 Re6 61. Ba3 Kf7 62. Bb4 Ke8 63. Ba3 Kd7 64. Bb4 h5 1/2-1/2

[Event "Elitserien(SodraSASS-Wasa)"]
[Site "?"]
[Date "2005.??.??"]
[Round "7"]
[White "Colett, Peter"]
[Black "Welin, Thomas"]
[Result "1-0"]
[WhiteElo "2261"]
[BlackElo "2380"]
[PlyCount "59"]

1. d4 d5 2. c4 c6 3. Nc3 Nf6 4. e3 a6 5. Bd3 Bg4 6. f3 Bh5 7. Nge2 e6 8. Ng3
Bg6 9. O-O Be7 10. Be2 h5 11. Bd3 Bxd3 12. Qxd3 h4 13. Nge2 dxc4 14. Qxc4 b5
15. Qb3 c5 16. Rd1 Qb6 17. Na4 Qc6 18. Nxc5 h3 19. e4 hxg2 20. Nd3 Nbd7 21. Be3
g5 22. Rac1 Qb7 23. Bxg5 Bd6 24. Bf4 Nxe4 25. fxe4 Qxe4 26. Bxd6 Qxe2 27. d5 e5
28. Nxe5 Rxh2 29. Kxh2 Nxe5 30. Bxe5 1-0

[Event "Elitserien(SodraSASS-Wasa)"]
[Site "?"]
[Date "2005.??.??"]
[Round "7"]
[White "Alm, Hakan"]
[Black "Berkell, Peder"]
[Result "1-0"]
[WhiteElo "2328"]
[BlackElo "2242"]
[PlyCount "49"]

1. d4 d5 2. c4 e6 3. Nc3 c5 4. cxd5 cxd4 5. Qa4+ Bd7 6. Qxd4 exd5 7. Qxd5 Nc6
8. Nf3 Nf6 9. Qd1 Bc5 10. e3 Qe7 11. Be2 O-O-O 12. O-O g5 13. b4 g4 14. bxc5
gxf3 15. Bxf3 Ne5 16. e4 Bb5 17. Nxb5 Rxd1 18. Bxd1 Qxc5 19. Rb1 Nxe4 20. Be3
Qd5 21. Bc2 Nf3+ 22. gxf3 Rg8+ 23. Kh1 Nd2 24. Bf5+ Kd8 25. Be4 1-0

[Event "Elitserien(SodraSASS-Wasa)"]
[Site "?"]
[Date "2005.??.??"]
[Round "7"]
[White "Nordstrom, Felix"]
[Black "Winge, Stefan"]
[Result "1/2-1/2"]
[WhiteElo "2212"]
[BlackElo "2273"]
[PlyCount "71"]

1. e4 c5 2. Nf3 Nc6 3. d4 cxd4 4. Nxd4 Nf6 5. Nc3 e5 6. Ndb5 d6 7. Bg5 a6 8.
Na3 b5 9. Bxf6 gxf6 10. Nd5 f5 11. c3 Bg7 12. exf5 Bxf5 13. Nc2 O-O 14. Nce3
Be6 15. g3 f5 16. f4 Rc8 17. Bg2 e4 18. a3 Ne7 19. O-O Nxd5 20. Nxd5 Rc5 21.
Ne3 d5 22. Nc2 Rc4 23. Rf2 d4 24. Nxd4 Rxd4 25. cxd4 Bxd4 26. Qe1 Qb6 27. Rd1
Rc8 28. Rxd4 Qxd4 29. Kh1 Bc4 30. Rd2 Bd3 31. Bf1 Rc2 32. Rxd3 exd3 33. Qe8+
Kg7 34. Qe7+ Kg6 35. Qe8+ Kh6 36. Qe6+ 1/2-1/2

[Event "Elitserien(SodraSASS-Wasa)"]
[Site "?"]
[Date "2005.??.??"]
[Round "7"]
[White "Lundvik, Jonas"]
[Black "Hallerod, Ralph"]
[Result "1-0"]
[WhiteElo "2322"]
[BlackElo "2208"]
[PlyCount "41"]

1. d4 Nf6 2. Nf3 b6 3. g3 Bb7 4. Bg2 e6 5. O-O c5 6. c4 cxd4 7. b3 Bc5 8. Bb2
O-O 9. Na3 e5 10. Nc2 Qc7 11. e3 d3 12. Nce1 d6 13. Nxd3 e4 14. Bxf6 gxf6 15.
b4 exd3 16. bxc5 Nd7 17. cxb6 Qxc4 18. Nd2 Qa6 19. Qg4+ Kh8 20. Qxd7 Bxg2 21.
Kxg2 1-0

[Event "Elitserien(Astorp-Limhamn)"]
[Site "?"]
[Date "2005.??.??"]
[Round "7"]
[White "Hector, Jonny"]
[Black "Sjodahl, Pontus"]
[Result "1/2-1/2"]
[WhiteElo "2659"]
[BlackElo "2453"]
[PlyCount "95"]

1. e4 e6 2. d4 d5 3. Nc3 Bb4 4. Nge2 dxe4 5. a3 Be7 6. g4 e5 7. h3 exd4 8. Qxd4
Nc6 9. Qxd8+ Bxd8 10. Bf4 g5 11. Be3 h5 12. Nxe4 hxg4 13. O-O-O gxh3 14. Nxg5
Bxg5 15. Bxg5 Bg4 16. Re1 Kf8 17. Be3 Nge7 18. Nf4 h2 19. Bg2 Rd8 20. Nd3 Nd5
21. Bg5 f6 22. Bd2 Kf7 23. f3 Bf5 24. Nc5 b6 25. Nb3 a5 26. Re2 a4 27. Na1 Ne5
28. f4 Nc4 29. Bxd5+ Rxd5 30. Rhxh2 Rhd8 31. b3 axb3 32. cxb3 Nxa3 33. Bb4 Rd1+
34. Kb2 Rb1+ 35. Ka2 Rdd1 36. Re7+ Kg6 37. Rg2+ Kh5 38. Bc3 Nb5 39. Bxf6 Rg1
40. Rf2 Rbe1 41. Rxe1 Rxe1 42. Nc2 Bxc2 43. Rxc2 Kg4 44. Be5 c5 45. Rh2 Nd4 46.
b4 Re2+ 47. Rxe2 Nxe2 48. bxc5 1/2-1/2

[Event "Elitserien(Astorp-Limhamn)"]
[Site "?"]
[Date "2005.??.??"]
[Round "7"]
[White "Hoi, Carsten"]
[Black "Ahlander, Bjorn"]
[Result "1/2-1/2"]
[WhiteElo "2375"]
[BlackElo "2492"]
[PlyCount "57"]

1. d4 Nf6 2. Nf3 e6 3. Bg5 c5 4. e3 b6 5. d5 h6 6. Bxf6 Qxf6 7. Nc3 Be7 8. e4
e5 9. Be2 d6 10. O-O O-O 11. a4 a6 12. Nd2 Nd7 13. Bg4 Bd8 14. Qe2 g6 15. Nc4
Qe7 16. g3 Rb8 17. Ne3 Qe8 18. h4 Bf6 19. h5 Bg5 20. Nc4 Qe7 21. f4 Bf6 22.
hxg6 fxg6 23. Be6+ Kg7 24. f5 Bg5 25. fxg6 Nf6 26. Bxc8 Rfxc8 27. Nd1 Rf8 28.
Kg2 Qd7 29. Nf2 1/2-1/2

[Event "Elitserien(Astorp-Limhamn)"]
[Site "?"]
[Date "2005.??.??"]
[Round "7"]
[White "Tallinger, Thomas"]
[Black "Carlsson, Daniel"]
[Result "0-1"]
[WhiteElo "2204"]
[BlackElo "2313"]
[PlyCount "80"]

1. e4 c5 2. Nf3 d6 3. d4 cxd4 4. Nxd4 Nf6 5. Nc3 g6 6. Be2 Bg7 7. O-O O-O 8.
Be3 Nc6 9. Nb3 Be6 10. f4 Qc8 11. h3 Rd8 12. g4 d5 13. e5 Ne4 14. Nxe4 dxe4 15.
Qe1 f5 16. Nc5 Bf7 17. gxf5 gxf5 18. c3 Na5 19. Qh4 b6 20. Nb3 Bxb3 21. axb3
Nxb3 22. Qxe7 Nxa1 23. Rxa1 Re8 24. Qg5 Re6 25. Kh2 Rg6 26. Qh4 Bf8 27. Bh5 Rg7
28. Rg1 Rxg1 29. Bxg1 Qe6 30. Qg5+ Kh8 31. b4 Be7 32. Qg2 Rg8 33. Qd2 Qh6 34.
Bf7 Rxg1 35. Kxg1 Qg7+ 36. Kh1 Qxf7 37. Qd7 a5 38. bxa5 bxa5 39. Qa7 Qe8 40.
Qxa5 Qc6 0-1

[Event "Elitserien(Astorp-Limhamn)"]
[Site "?"]
[Date "2005.??.??"]
[Round "7"]
[White "Tadjerbashi, Amir"]
[Black "Ivarsson, Stefan"]
[Result "0-1"]
[WhiteElo "2252"]
[BlackElo "2293"]
[PlyCount "112"]

1. e4 e6 2. d4 d5 3. Nd2 Nf6 4. e5 Nfd7 5. Bd3 c5 6. c3 Nc6 7. Ne2 cxd4 8. cxd4
Nb6 9. O-O Bd7 10. a3 a5 11. b3 h5 12. f4 g6 13. Nf3 Be7 14. Qe1 Kf8 15. Kh1 a4
16. b4 Na7 17. Bb1 Bb5 18. Rf2 Rc8 19. Neg1 Qc7 20. Rc2 Qxc2 21. Bxc2 Rxc2 22.
Qd1 Rc6 23. Ne1 Kg7 24. Nd3 Bxd3 25. Qxd3 Rhc8 26. Ne2 Rc2 27. Kg1 R2c4 28. Bd2
Nb5 29. Kf1 R8c6 30. Ke1 Nc8 31. g3 Bd8 32. h3 Bb6 33. Be3 Nc3 34. Rc1 Nxe2 35.
Rxc4 Nxf4 36. gxf4 dxc4 37. Qc2 Ne7 38. b5 Rc8 39. Qxa4 Nf5 40. Bf2 Ne7 41. Qc2
Nd5 42. Kd1 Nxf4 43. Qe4 Nd5 44. Kc2 Ra8 45. Kb2 Ra5 46. Qe2 Rxb5+ 47. Kc2 Rb3
48. h4 Rxa3 49. Qxc4 Ra2+ 50. Qxa2 Nb4+ 51. Kb3 Nxa2 52. Kxa2 g5 53. hxg5 Kg6
54. Kb3 Kxg5 55. Kb4 h4 56. Kb5 h3 0-1

[Event "Elitserien(Astorp-Limhamn)"]
[Site "?"]
[Date "2005.??.??"]
[Round "7"]
[White "Petersson, Gosta"]
[Black "Holst, Conny"]
[Result "1/2-1/2"]
[WhiteElo "2139"]
[BlackElo "2246"]
[PlyCount "43"]

1. c4 Nf6 2. Nc3 g6 3. g3 Bg7 4. Bg2 O-O 5. e4 d6 6. Nge2 Nc6 7. d3 e5 8. O-O
Nd7 9. Nd5 Nc5 10. b4 Ne6 11. b5 Ncd4 12. Nxd4 Nxd4 13. Be3 c6 14. bxc6 bxc6
15. Nc3 Qa5 16. Ne2 Rb8 17. Nxd4 exd4 18. Bf4 Be5 19. Bh6 Bg7 20. Bf4 Be5 21.
Bh6 Bg7 22. Bf4 1/2-1/2

[Event "Elitserien(Astorp-Limhamn)"]
[Site "?"]
[Date "2005.??.??"]
[Round "7"]
[White "Sandklef, Ake"]
[Black "Dragicevic, Drazen"]
[Result "0-1"]
[WhiteElo "1889"]
[BlackElo "2203"]
[PlyCount "130"]

1. d4 Nf6 2. c4 g6 3. Nc3 d5 4. cxd5 Nxd5 5. e4 Nxc3 6. bxc3 Bg7 7. Bc4 c5 8.
Be3 O-O 9. Ne2 Nc6 10. O-O a6 11. a3 Qc7 12. Rc1 Rd8 13. Ba2 b5 14. Qb3 e6 15.
Qb2 Bb7 16. f3 Qd7 17. Rfd1 Rac8 18. Qd2 Qc7 19. Qb2 Qa5 20. Ra1 cxd4 21. cxd4
Rd7 22. Rd2 Rcd8 23. Bb3 Qb6 24. Rad1 a5 25. Bf2 b4 26. Ba4 Rd6 27. e5 Rd5 28.
Bb3 bxa3 29. Qxa3 R5d7 30. Ba4 Qb4 31. Qxb4 axb4 32. Rb2 Bf8 33. Rc1 Nxd4 34.
Bxd7 Nxe2+ 35. Rxe2 Rxd7 36. Rb1 Bd5 37. Rd2 Rc7 38. Be3 Rc3 39. Kf2 b3 40. Bd4
Rc4 41. Ke3 Ra4 42. g3 h5 43. h4 Bh6+ 44. f4 Bf8 45. Rdb2 Rb4 46. Rc1 Ra4 47.
Rc8 Kg7 48. Bc5 Bxc5+ 49. Rxc5 Rb4 50. Kd3 Kf8 51. Kc3 Re4 52. Kd3 Rb4 53. Kc3
Rb7 54. Kd4 Ke7 55. Rxd5 exd5 56. Kxd5 f6 57. exf6+ Kxf6 58. Ke4 Rb4+ 59. Ke3
Ke6 60. Kd3 Kf5 61. Kc3 Rb7 62. Kd3 Rb6 63. Rb1 b2 64. Ke3 Rb3+ 65. Kf2 Ke4 0-1

[Event "Elitserien(LASK-Kamraterna)"]
[Site "?"]
[Date "2005.??.??"]
[Round "7"]
[White "Svensson, Bengt"]
[Black "Johannesson, Leif E"]
[Result "1/2-1/2"]
[WhiteElo "2459"]
[BlackElo "2556"]
[PlyCount "64"]

1. e4 c5 2. Nf3 Nc6 3. d4 cxd4 4. Nxd4 Nf6 5. Nc3 e5 6. Ndb5 d6 7. Bg5 a6 8.
Na3 b5 9. Bxf6 gxf6 10. Nd5 Bg7 11. c3 f5 12. exf5 Bxf5 13. Nc2 O-O 14. Nce3
Be6 15. Bd3 f5 16. Qh5 e4 17. Bc2 Ne7 18. Rd1 b4 19. O-O bxc3 20. bxc3 Kh8 21.
Bb3 f4 22. Nxe7 Qxe7 23. Nd5 Bxd5 24. Bxd5 Rab8 25. Qe2 e3 26. Rd3 Qe5 27. fxe3
fxe3 28. Rxf8+ Bxf8 29. Qxe3 Rb1+ 30. Kf2 Rb2+ 31. Kg1 Rb1+ 32. Kf2 Rb2+
1/2-1/2

2

[Event "Elitserien(LASK-Kamraterna)"]
[Site "?"]
[Date "2005.??.??"]
[Round "7"]
[White "Hall, Jesper"]
[Black "Svenn, Matti"]
[Result "1-0"]
[WhiteElo "2526"]
[BlackElo "2295"]
[PlyCount "85"]

1. e4 c5 2. Nf3 d6 3. d4 cxd4 4. Qxd4 Nf6 5. e5 Nc6 6. Bb5 Qa5+ 7. Nc3 Qxb5 8.
Nxb5 Nxd4 9. Nfxd4 dxe5 10. Nc7+ Kd7 11. Nxa8 exd4 12. Bf4 Nd5 13. O-O-O e6 14.
Rxd4 Bc5 15. Rc4 b6 16. Rd1 Kc6 17. Bg3 b5 18. Rg4 g6 19. a4 b4 20. Rc4 Ba6 21.
Rxc5+ Kxc5 22. Nc7 Bb7 23. Be5 Rg8 24. Bd4+ Kc6 25. Nxd5 exd5 26. Re1 Kd6 27.
Bxa7 Ra8 28. Bd4 Rxa4 29. b3 Ra8 30. Bf6 Kc5 31. Re7 Bc6 32. Rxf7 d4 33. Rxh7
d3 34. cxd3 Bxg2 35. Rh4 Bd5 36. Be7+ Kc6 37. Rxb4 Ra3 38. Kb2 Ra7 39. Bg5 Rf7
40. Be3 Be6 41. Kc3 Rh7 42. Rb6+ Kd5 43. Bf4 1-0

[Event "Elitserien(LASK-Kamraterna)"]
[Site "?"]
[Date "2005.??.??"]
[Round "7"]
[White "Wengholm, Anders"]
[Black "Tikkanen, Hans"]
[Result "0-1"]
[WhiteElo "2240"]
[BlackElo "2417"]
[PlyCount "78"]

1. Nf3 g6 2. c4 Bg7 3. e4 c5 4. d4 cxd4 5. Nxd4 Nc6 6. Be3 Nf6 7. Nc3 O-O 8.
Be2 d6 9. O-O Bd7 10. Qd2 Nxd4 11. Bxd4 Bc6 12. f3 a5 13. b3 Nd7 14. Bxg7 Kxg7
15. Rab1 Qb6+ 16. Kh1 Rfc8 17. a3 Nc5 18. Rfd1 Kg8 19. b4 axb4 20. axb4 Na4 21.
Nd5 Bxd5 22. exd5 Qf2 23. Rf1 Qh4 24. Rfc1 Qf6 25. Rc2 Nb6 26. c5 Ra1 27. Rbc1
Rxc1+ 28. Rxc1 Qe5 29. Ba6 bxa6 30. cxb6 Rb8 31. Rc6 Rxb6 32. h3 Rb5 33. Rxa6
Rxd5 34. Qc2 Qe1+ 35. Kh2 Qxb4 36. Ra8+ Kg7 37. Qc8 Qf4+ 38. Kg1 Rd1+ 39. Kf2
Qh4+ 0-1

[Event "Elitserien(LASK-Kamraterna)"]
[Site "?"]
[Date "2005.??.??"]
[Round "7"]
[White "Niklasson, Christer"]
[Black "Hamark, Jesper"]
[Result "1-0"]
[WhiteElo "2423"]
[BlackElo "2325"]
[PlyCount "87"]

1. d4 Nf6 2. c4 e6 3. Nf3 c5 4. d5 b5 5. Bg5 Qa5+ 6. Qd2 Qxd2+ 7. Nbxd2 Na6 8.
O-O-O bxc4 9. e4 Bb7 10. Bxf6 gxf6 11. Nxc4 O-O-O 12. Na5 Bd6 13. g3 Bc7 14.
Nxb7 Kxb7 15. d6 Ba5 16. Bxa6+ Kxa6 17. e5 f5 18. Nd2 Bxd2+ 19. Rxd2 Rc8 20.
Rc2 c4 21. Kd2 Rc5 22. f4 Rhc8 23. Rhc1 Kb5 24. Ke3 a5 25. Rc3 a4 26. Kf3 R8c6
27. R1c2 Rd5 28. Kg2 Rd3 29. a3 Rxc3 30. Rxc3 Kc5 31. Kh3 Rb6 32. Rc2 Kd4 33.
Kh4 Rb3 34. Kg5 Kd3 35. Rf2 c3 36. Rf3+ Kc2 37. Rxc3+ Rxc3 38. bxc3 Kb3 39. Kf6
Kxa3 40. Ke7 Kb3 41. Kxd7 a3 42. Ke8 a2 43. d7 a1=Q 44. d8=Q 1-0

[Event "Elitserien(LASK-Kamraterna)"]
[Site "?"]
[Date "2005.??.??"]
[Round "7"]
[White "Haggstrom, Olle"]
[Black "Semcesen, Daniel"]
[Result "0-1"]
[WhiteElo "2230"]
[BlackElo "2316"]
[PlyCount "102"]

1. d4 Nf6 2. c4 e5 3. dxe5 Ng4 4. Nf3 Bc5 5. e3 Nc6 6. Be2 Ncxe5 7. Nxe5 Nxe5
8. Nc3 O-O 9. O-O Re8 10. Ne4 Bf8 11. Ng3 a5 12. f4 Nc6 13. e4 Bc5+ 14. Kh1 d6
15. Bd3 Qe7 16. Bd2 Bd4 17. Rb1 Qh4 18. Ne2 Bc5 19. a3 Bg4 20. Qe1 Qxe1 21.
Rbxe1 Bxe2 22. Rxe2 Nd4 23. Ree1 Nb3 24. Re2 Bd4 25. Bc2 a4 26. Be3 Bxe3 27.
Bxb3 Bxf4 28. Ba2 Be5 29. c5 Re7 30. cxd6 Bxd6 31. e5 Bxe5 32. Rxf7 Rxf7 33.
Rxe5 Rd8 34. h3 Kf8 35. Bxf7 Kxf7 36. Rb5 b6 37. Rb4 Rd2 38. Rxa4 Rxb2 39. Ra7
Rc2 40. a4 Rc5 41. Kh2 Ke6 42. h4 Kd6 43. Ra8 Re5 44. Kh3 c5 45. a5 bxa5 46.
Ra6+ Kd5 47. Ra7 h5 48. Rxg7 c4 49. g4 hxg4+ 50. Kxg4 c3 51. Rd7+ Kc4 0-1

[Event "Elitserien(LASK-Kamraterna)"]
[Site "?"]
[Date "2005.??.??"]
[Round "7"]
[White "Olsson, Linus"]
[Black "Wallin, Dennis"]
[Result "1-0"]
[WhiteElo "2385"]
[BlackElo "2285"]
[PlyCount "83"]

1. d4 b6 2. e4 Bb7 3. Bd3 e6 4. Nf3 d5 5. exd5 Qxd5 6. Nc3 Bb4 7. O-O Bxc3 8.
bxc3 Qa5 9. Rb1 c6 10. Ne5 Nf6 11. Nc4 Qd5 12. Ba3 c5 13. Ne3 Qg5 14. dxc5 O-O
15. c6 Nxc6 16. Bxf8 Rxf8 17. Qf3 Na5 18. Qg3 Qxg3 19. hxg3 Rc8 20. c4 g6 21.
Rfd1 Ba6 22. Rb4 Rc5 23. Bf1 Rc8 24. f3 Kf8 25. Kf2 Ke7 26. Bd3 Rc5 27. g4 h5
28. gxh5 Nxh5 29. Rh1 Kf6 30. Rh4 Kg5 31. g3 f5 32. f4+ Kf6 33. Be2 Ng7 34. Rh8
Rc7 35. c5 Bxe2 36. cxb6 axb6 37. Kxe2 Nh5 38. Rxb6 Nxg3+ 39. Ke1 Kg7 40. Re8
Nc4 41. Nxc4 Rxc4 42. Rb7+ 1-0

[Event "Elitserien(LASK-Kamraterna)"]
[Site "?"]
[Date "2005.??.??"]
[Round "7"]
[White "Madebrink, Lars"]
[Black "Johnson, Bjorn"]
[Result "1/2-1/2"]
[WhiteElo "2228"]
[BlackElo "2306"]
[PlyCount "50"]

1. d4 e6 2. c4 f5 3. Nf3 Nf6 4. g3 d5 5. Bg2 c6 6. Qc2 Bd6 7. O-O O-O 8. b3 Qe7
9. Bb2 Bd7 10. Nbd2 Be8 11. Ne5 Nbd7 12. Ndf3 Bf7 13. Rac1 Rac8 14. Nxd7 Nxd7
15. e3 Nf6 16. Ne5 Rc7 17. Nd3 Qd7 18. Bc3 g5 19. Bb4 Bxb4 20. Nxb4 Bg6 21. Nd3
Qd6 22. Ne5 Rg7 23. cxd5 exd5 24. Qc5 Qxc5 25. Rxc5 Nd7 1/2-1/2

[Event "Elitserien(Skara-Eksjo)"]
[Site "?"]
[Date "2005.??.??"]
[Round "7"]
[White "Hillarp-Persson, Tiger"]
[Black "Schussler, Harry"]
[Result "1-0"]
[WhiteElo "2574"]
[BlackElo "2464"]
[PlyCount "87"]

1. d4 e6 2. c4 Bb4+ 3. Nd2 b6 4. a3 Bxd2+ 5. Qxd2 Bb7 6. Nf3 Nf6 7. g3 d5 8.
cxd5 Bxd5 9. Bg2 a5 10. O-O Nbd7 11. Qf4 Qb8 12. Re1 Qb7 13. Bd2 O-O 14. Bc3
Ne4 15. Rac1 Rac8 16. Bh3 c5 17. Nd2 Ndf6 18. f3 Nxc3 19. bxc3 cxd4 20. cxd4
Rxc1 21. Rxc1 Rc8 22. Rxc8+ Qxc8 23. e4 Ba2 24. Nf1 h6 25. Qd2 Qc4 26. Qb2 Qb3
27. Qxb3 Bxb3 28. Nd2 Ba4 29. Nc4 Nd7 30. d5 exd5 31. Bxd7 Bxd7 32. Nxb6 Bb5
33. Nxd5 f6 34. Kf2 Kf7 35. Ke3 g5 36. f4 gxf4+ 37. gxf4 Bf1 38. Kd4 Kg6 39.
f5+ Kg5 40. h4+ Kxh4 41. Nxf6 h5 42. Nh7 Bb5 43. e5 Be8 44. e6 1-0

[Event "Elitserien(Skara-Eksjo)"]
[Site "?"]
[Date "2005.??.??"]
[Round "7"]
[White "Thornert, Hakan"]
[Black "Winsnes, Rikard"]
[Result "1/2-1/2"]
[WhiteElo "2280"]
[BlackElo "2506"]
[PlyCount "124"]

1. e4 e6 2. Qe2 c5 3. f4 Nc6 4. Nf3 g6 5. g3 Bg7 6. Bg2 Nge7 7. d3 O-O 8. O-O
d6 9. c3 b6 10. Na3 Ba6 11. Bd2 Rb8 12. Nc2 b5 13. a3 Na5 14. Rad1 Nb3 15. Be1
Qc8 16. g4 Re8 17. Qf2 f5 18. Ne3 b4 19. Qh4 bxa3 20. bxa3 Bb7 21. Nc4 Qd7 22.
Rf2 Ba8 23. Rb2 a5 24. a4 Bc6 25. Rdb1 Bxa4 26. Nxa5 fxe4 27. dxe4 Qa7 28. Nxb3
Bxb3 29. Kh1 Qa4 30. Ng5 h6 31. Nxe6 g5 32. Qf2 Ng6 33. Nxg7 Kxg7 34. f5 Nf4
35. Qd2 Nxg2 36. Qxg2 Bc2 37. Rxc2 Rxb1 38. Re2 Qa1 39. Qf2 Qxc3 40. Kg2 Qe5
41. Re3 d5 42. Kh3 Rb2 43. Qxb2 Qxb2 44. Bc3+ Qxc3 45. Rxc3 dxe4 46. Rxc5 e3
47. Rc1 Kf6 48. Re1 h5 49. gxh5 Kxf5 50. Kg3 Ke4 51. Kg4 Rg8 52. h6 Kd3 53. h7
Rh8 54. Kxg5 Rxh7 55. h4 e2 56. h5 Kd2 57. Rxe2+ Kxe2 58. Kg6 Ra7 59. h6 Kf3
60. h7 Ra8 61. Kg7 Kg4 62. h8=Q Rxh8 1/2-1/2

[Event "Elitserien(Skara-Eksjo)"]
[Site "?"]
[Date "2005.??.??"]
[Round "7"]
[White "Gausel, Einar"]
[Black "Rothen, Hakan"]
[Result "1-0"]
[WhiteElo "2588"]
[BlackElo "2380"]
[PlyCount "99"]

1. Nf3 Nf6 2. c4 g6 3. Nc3 Bg7 4. d4 d6 5. Bg5 h6 6. Bh4 O-O 7. e3 c5 8. d5 Na6
9. Nd2 Nc7 10. e4 a6 11. a4 Bd7 12. a5 Rb8 13. Be2 b5 14. axb6 Rxb6 15. Ra2 Qb8
16. Qc2 e5 17. O-O Nh7 18. f3 f5 19. Rb1 g5 20. Bf2 f4 21. Na4 Bxa4 22. Rxa4
Qb7 23. b4 Rb8 24. Bd3 Bf8 25. bxc5 dxc5 26. Raa1 Nf6 27. Rxb6 Qxb6 28. Rb1 Qa7
29. Qa4 Rxb1+ 30. Bxb1 Qb6 31. Nb3 g4 32. Bc2 g3 33. hxg3 Nh5 34. g4 Ng3 35.
Qa5 Qf6 36. Nd2 Ne8 37. Bxg3 fxg3 38. Nf1 h5 39. Nxg3 hxg4 40. fxg4 Qf4 41. Nf1
Nf6 42. Qxa6 Nxg4 43. Qe6+ Kg7 44. Qf5 Bd6 45. g3 Qxf5 46. exf5 Kh6 47. Kg2 Kg5
48. Kf3 Nh6 49. Nd2 Nxf5 50. Bxf5 1-0

[Event "Elitserien(Skara-Eksjo)"]
[Site "?"]
[Date "2005.??.??"]
[Round "7"]
[White "Andersson, Johan"]
[Black "Ziegler, Ari"]
[Result "0-1"]
[WhiteElo "2222"]
[BlackElo "2416"]
[PlyCount "124"]

1. e4 e6 2. Nf3 d5 3. Nc3 d4 4. Ne2 c5 5. c3 Nc6 6. cxd4 cxd4 7. Qa4 Bc5 8. b4
Bxb4 9. Nexd4 Qa5 10. Qxa5 Bxa5 11. Bb5 Bd7 12. Nxc6 bxc6 13. Ba4 Nf6 14. Bc2
O-O 15. O-O c5 16. d3 Bb5 17. Rb1 Ba6 18. Ne5 Rac8 19. Bb2 Rfd8 20. Rfd1 Nd7
21. Nc4 Bc7 22. Bb3 h5 23. h3 Bxc4 24. Bxc4 Be5 25. Ba6 Rb8 26. Bxe5 Nxe5 27.
Kf1 g5 28. Ke2 Rb6 29. Rxb6 axb6 30. Rb1 Rd6 31. Bb5 h4 32. Ke3 f6 33. Rb3 Kg7
34. Ra3 f5 35. f4 gxf4+ 36. Kxf4 Kf6 37. exf5 exf5 38. Ke3 Ng6 39. Ra8 Re6+ 40.
Kf3 Ke5 41. Ra4 Re7 42. Ra6 Re6 43. Ra4 Re7 44. Ra6 Nf4 45. Rxb6 Rg7 46. a4
Rg3+ 47. Kf2 Rxg2+ 48. Kf1 Ra2 49. Rh6 Ra1+ 50. Kf2 Nxh3+ 51. Ke3 Ra2 52. Rxh4
f4+ 53. Kf3 Ng5+ 54. Kg4 Rg2+ 55. Kh5 Nh7 56. Bc6 Nf6+ 57. Kh6 Rg8 58. a5 Kf5
59. Be4+ Nxe4 60. dxe4+ Kxe4 61. Rh5 f3 62. Rxc5 f2 0-1

[Event "Elitserien(Skara-Eksjo)"]
[Site "?"]
[Date "2005.??.??"]
[Round "7"]
[White "Eklund, Lars-Goran"]
[Black "Gustafsson, Fredrik"]
[Result "1-0"]
[WhiteElo "2294"]
[BlackElo "2200"]
[PlyCount "63"]

1. Nf3 Nf6 2. c4 g6 3. Nc3 d5 4. Qa4+ Nc6 5. Ne5 Bd7 6. Nxd7 Qxd7 7. cxd5 Nxd5
8. e3 Nb6 9. Qb3 Bg7 10. Be2 O-O 11. d4 e5 12. dxe5 Nxe5 13. O-O c6 14. Rd1 Qe7
15. Bd2 Rfd8 16. a4 Nd5 17. Be1 Nb4 18. Ne4 a5 19. Bc3 c5 20. f4 c4 21. Bxc4
Nxc4 22. Rxd8+ Rxd8 23. Qxc4 Bxc3 24. Nxc3 Qxe3+ 25. Kh1 Nd3 26. h3 Nxf4 27.
Rf1 g5 28. Ne4 Ne6 29. Nf6+ Kg7 30. Ng4 Qd3 31. Rxf7+ Kxf7 32. Ne5+ 1-0

[Event "Elitserien(Skara-Eksjo)"]
[Site "?"]
[Date "2005.??.??"]
[Round "7"]
[White "Krantz, Christopher"]
[Black "Andersson, Goran"]
[Result "1-0"]
[WhiteElo "2112"]
[BlackElo "2222"]
[PlyCount "104"]

1. e4 e6 2. d4 d5 3. exd5 exd5 4. Bd3 Nc6 5. c3 Bd6 6. Qf3 Nce7 7. Ne2 h6 8.
Bf4 Bxf4 9. Nxf4 Nf6 10. h3 Bf5 11. Nd2 Qd7 12. g4 Bxd3 13. Nxd3 O-O-O 14. Ne5
Qe6 15. O-O-O Nc6 16. Rde1 Rhe8 17. Re3 Nxe5 18. Rxe5 Qa6 19. a3 Re6 20. Rhe1
Rde8 21. Rxe6 Rxe6 22. Re5 Qd6 23. Qf5 c6 24. Kc2 g6 25. Rxe6 Qxe6 26. Qxe6+
fxe6 27. Kd3 Kc7 28. Ke3 Kd6 29. Nf3 Nd7 30. b3 e5 31. dxe5+ Nxe5 32. Nh4 c5
33. f4 Nc6 34. Nxg6 Na5 35. b4 Nc4+ 36. Kd3 Nxa3 37. Ne5 d4 38. bxc5+ Kxc5 39.
cxd4+ Kd5 40. g5 hxg5 41. fxg5 Ke6 42. g6 Kf6 43. h4 Nb5 44. h5 Kg7 45. d5 Nd6
46. Nf7 Ne8 47. d6 Nf6 48. Kc4 a6 49. Ne5 b5+ 50. Kb3 Ne4 51. d7 Nc5+ 52. Kb4
Nd3+ 1-0

[Event "Elitserien(Skara-Eksjo)"]
[Site "?"]
[Date "2005.??.??"]
[Round "7"]
[White "Friberg, Hans"]
[Black "Akvist, Hakan"]
[Result "1-0"]
[WhiteElo "2191"]
[BlackElo "2116"]
[PlyCount "97"]

1. Nf3 Nf6 2. c4 c5 3. Nc3 Nc6 4. g3 g6 5. Bg2 Bg7 6. O-O O-O 7. d4 cxd4 8.
Nxd4 Nxd4 9. Qxd4 d6 10. Qd3 Qa5 11. Nb5 Nd7 12. Qc2 Ne5 13. Bd2 Qd8 14. Rac1
Bd7 15. b3 a6 16. Nd4 Nc6 17. Nf3 Rc8 18. Bc3 Bxc3 19. Qxc3 Qb6 20. Rfd1 Nb4
21. Qd2 a5 22. a3 Na6 23. Qh6 f6 24. Rd3 Rc5 25. Qe3 Qd8 26. Qd2 Qc8 27. Re3
Rf7 28. Ne1 Bc6 29. Nd3 Rh5 30. Nf4 Re5 31. Bd5 Bxd5 32. cxd5 Qf5 33. Rf3 h5
34. Nd3 Qg5 35. Nf4 Nc5 36. Qxa5 Rxd5 37. b4 e5 38. h4 Qh6 39. Nxd5 Qxc1+ 40.
Kg2 Ne4 41. Qd8+ Kg7 42. Ne7 Rf8 43. Qd7 Rf7 44. Qe8 f5 45. Qg8+ Kf6 46. Nd5+
Ke6 47. Qxg6+ Nf6 48. Nxf6 Rxf6 49. Qe8+ 1-0

[Event "Elitserien(Kamraterna-Skara)"]
[Site "?"]
[Date "2005.??.??"]
[Round "8"]
[White "Djurhuus, Rune"]
[Black "Svensson, Bengt"]
[Result "1-0"]
[WhiteElo "2588"]
[BlackElo "2459"]
[PlyCount "109"]

1. e4 c5 2. f4 g6 3. Nf3 Bg7 4. c3 Nf6 5. e5 Nd5 6. d4 cxd4 7. cxd4 d6 8. Bc4
Nb6 9. Bb3 Nc6 10. Nc3 O-O 11. e6 d5 12. exf7+ Rxf7 13. h3 Na5 14. Bc2 Bf5 15.
Bxf5 Rxf5 16. O-O Nc6 17. Ne5 Rc8 18. Be3 e6 19. Qe2 Nxe5 20. dxe5 a6 21. g4
Rf7 22. Rad1 Nc4 23. Bd4 Qh4 24. Kg2 Rcf8 25. Bc5 Rc8 26. Bf2 Qe7 27. Bd4 Rcf8
28. b3 Na5 29. Qe3 Rc8 30. Rc1 Nc6 31. Bc5 Qd7 32. Ne2 Bf8 33. Nd4 Bxc5 34.
Rxc5 Nxd4 35. Rxc8+ Qxc8 36. Qxd4 Qc2+ 37. Rf2 Qb1 38. Kh2 Qe1 39. f5 exf5 40.
gxf5 Rxf5 41. Rxf5 gxf5 42. Qxd5+ Kg7 43. Qxb7+ Kh6 44. Qc6+ Kg5 45. Qd5 Kh6
46. Qe6+ Kg5 47. Qg8+ Kf4 48. e6 h5 49. Qb8+ Kf3 50. Qb7+ Kf4 51. Qc7+ Kf3 52.
Qc6+ Kf4 53. Qd6+ Kf3 54. Qd3+ Kf4 55. Kg2 1-0

[Event "Elitserien(Kamraterna-Skara)"]
[Site "?"]
[Date "2005.??.??"]
[Round "8"]
[White "Svenn, Gosta"]
[Black "Hillarp-Persson, Tiger"]
[Result "1/2-1/2"]
[WhiteElo "2406"]
[BlackElo "2574"]
[PlyCount "116"]

1. Nf3 g6 2. g3 Bg7 3. Bg2 d6 4. d3 e5 5. e4 Ne7 6. O-O O-O 7. Nc3 c5 8. Nd2
Nbc6 9. Nc4 Be6 10. Ne3 Qd7 11. Ned5 Bxd5 12. Nxd5 Nxd5 13. exd5 Nd8 14. Rb1 f5
15. a3 Nf7 16. b4 b6 17. Bd2 h5 18. c3 h4 19. a4 hxg3 20. hxg3 Rab8 21. Qb3 Bf6
22. c4 Kg7 23. Bc3 f4 24. bxc5 Ng5 25. Qd1 bxc5 26. Rxb8 Rxb8 27. Re1 Rf8 28.
Qe2 Qf5 29. Be4 Qh3 30. Bg2 Qf5 31. Be4 Qd7 32. Bg2 Rf7 33. gxf4 exf4 34. Bxf6+
Rxf6 35. Qe7+ Qxe7 36. Rxe7+ Rf7 37. Re8 f3 38. Bf1 Rb7 39. Kh2 Rb1 40. Bh3 Rb2
41. Kg3 Nxh3 42. Kxh3 Rxf2 43. Kg3 Rd2 44. Kxf3 Rxd3+ 45. Kf4 Kf7 46. Ra8 Kf6
47. Rf8+ Ke7 48. Ra8 Rc3 49. Kg5 Rg3+ 50. Kf4 Rc3 51. Kg5 Rxc4 52. Rxa7+ Kd8
53. Kf6 Re4 54. a5 Kc8 55. Ra6 Kc7 56. Ra7+ Kc8 57. Ra6 Kc7 58. Ra7+ Kc8
1/2-1/2